000 00286nam a22001337a 4500
008 170630b xxu||||| |||| 00| 0 eng d
020 _a9780683055658
041 _aeng
080 _22ND
_a61
100 _a4
101 _aSHM
245 _aTHE ICU BOOK
_cMARINO, P.L
942 _2udc
_cBK
999 _c19822
_d19822